01708nam a22003017a 45000010005000000030006000050050017000110080041000280200018000690400029000870500017001160820011001331000019001442450037001632500034002002600037002343000051002714900034003225050008003565200766003645210020011305210020011506500044011707000034012149420015012489990015012639520128012787396FISKH20250711152636.0250711b cb ||||| |||| 00| 0 eng d a9780439405621 aFISKHbengcFISKHdFISKH a PZ7.L3274 B a813.54 aLasky, Kathryn aThe burning / cBy Kathryn Lasky aFirst printing, November 2004 aNew York : bScholastic ,c2004. a209 pages : billustrations , maps ;c20 cm .  aGuardians of Ga'hoolevBook 6 aS  aFantasy. Juvenile Fiction. HTML:Soren and his band are sent to the mysterious Northern Kingdoms to gather allies and learn the art of war in preparation for the coming cataclysmic battle against the sinister Pure Ones. Meanwhile, in the Southern Kingdoms, St. Aggies has fallen to the Pure Ones and they are using its resources to plan a final invasion of The Great Ga'Hoole Tree. With the future of all Owldom in the balance, the parliament of Ga'Hoole must decide whether or not to join forces with the brutal Skench and Spoorn and the scattered remnants of St. Aggies who remain faithful to them. The coming conflagration will demand wisdom, bravery, and sacrifice from all the owls of the great tree, and from Soren and the band, nothing less than heroism. 8 a800 bLexile 8 aS bRaz-Plus  aGuardians of Ga'hoolevJuvenile Fiction aCowdrey, RichardeIllustrator 2ddccBKn0 c7396d7396 00102ddc40708FICa002b002cSBSd2025-07-11l0oLAS 813.54 PZ7.L3274 Bp2025-1833r2025-07-11 15:26:31w2025-07-11yBK